| 000 | 01329njm a22003017a 4500 | ||
|---|---|---|---|
| 005 | 20100913100512.0 | ||
| 007 | sd ammalaaahaa | ||
| 008 | 100913t xxu||||| |||| 00| 0 hin d | ||
| 028 |
_aGE. 33653 _bColumbia |
||
| 035 | _aGR-02042 | ||
| 040 | _aSED/VEN | ||
| 100 |
_91184 _aMohd. Rafi |
||
| 245 |
_aJawab / _cby Mohd. Rafi, Asha Bhosle & Hemlata ; music by Laxmikany Pyarelal ; lyric by Rajender Kishan _h[sound recording] : |
||
| 246 | _aजवाब (मोहमद रफ़ी ) | ||
| 260 |
_aDum Dum India _bColumbia _c1969 |
||
| 300 |
_a1 sound disc [Gramophone record] : _banalog, 33 1/3 rpm _c10 in. _fGramophone Record |
||
| 500 | _aBrief Record | ||
| 500 | _aColumbia | ||
| 500 | _aBlue | ||
| 505 | _aChali kahan part 1 (Jawab) (Mohd. Rafi) चली कहाँ पार्ट १ (जवाब ) (मोहमद रफ़ी ) Aaja meri jaan part 2 (Jawab) (Kishore Kumar) आजा मेरी जान पार्ट २ (जवाब ) (किशोरे कुमार ) | ||
| 650 |
_aClassical Music _xExcerpts _zIndia _919603 _vFilmi song |
||
| 700 |
_919604 _aBhosle, Asha |
||
| 700 |
_919605 _aHemlata |
||
| 700 |
_919610 _aRajkender Kishan |
||
| 700 |
_aLaxmikant Pyarelal _919773 |
||
| 942 |
_2ddc _cGR |
||
| 999 |
_c45438 _d45438 |
||